|
|
|
|
| LEADER |
01114nam a22002537a 4500 |
| 001 |
34843 |
| 003 |
BD-DhAAL |
| 005 |
20250806131708.0 |
| 008 |
190723r20191996bg ||||| |||| 00| 1 ben d |
| 020 |
|
|
|a 9847027700442
|
| 040 |
|
|
|a BD-DhAAL
|d BD-DhAAL
|
| 041 |
|
|
|a ben
|
| 082 |
|
|
|2 23
|a 891.44371
|
| 100 |
|
|
|a ইকবাল, মুহম্মদ জাফর.
|9 33021
|
| 245 |
|
|
|a আকাশ বাড়িয়ে দাও /
|c মুহম্মদ জাফর ইকবাল.
|
| 260 |
|
|
|a ঢাকা :
|b জ্ঞানকোষ প্রকাশনী,
|c ১৯৯৬ [পুন: মুদ্রণ ২০১৯]
|
| 300 |
|
|
|a ৭২ পৃষ্ঠা ;
|c ২২ সে.মি.
|
| 526 |
|
|
|a Residential Campus
|
| 541 |
|
|
|a Development Book Agency
|e 34843
|
| 650 |
|
|
|a Bengali fiction
|z Bangladesh.
|9 33022
|
| 852 |
|
|
|a Savar Campus Library
|c General Stacks
|
| 942 |
|
|
|2 ddc
|c BK
|
| 999 |
|
|
|c 40926
|d 40926
|
| 952 |
|
|
|0 0
|1 0
|2 ddc
|4 0
|6 891_443710000000000_IQB
|7 0
|9 65690
|a SCL
|b SCL
|c GEN
|d 2019-07-17
|e Development Book Agency
|g 85.00
|l 14
|m 17
|o 891.44371 IQB
|p 3020034843
|r 2026-04-19
|s 2026-04-06
|t 1
|v 85.00
|w 2019-07-17
|y BK
|